[Event "94th Paris-ch  2019"]
[Site "Paris"]
[Date "2019.07.13"]
[Round "8.10"]
[White "Dixit, Nikhil"]
[Black "Tomasi, Albert"]
[Result "1-0"]
[WhiteElo "2318"]
[BlackElo "2300"]
[Annotator "ChessBase"]
[PlyCount "95"]
[EventDate "2019.07.07"]
[EventType "swiss"]
[EventCountry "FRA"]
[SourceTitle "playchess.com"]
[Source "ChessBase"]
[SourceQuality "1"]
[TimeControl "5400+30"]

1. e4 {[%emt 0:00:00]} c5 {[%emt 0:02:45]} 2. Nf3 {[%emt 0:00:00]} d6 {[%emt 0:00:05]} 3. d4 {[%emt 0:00:00]} cxd4 {[%emt 0:00:06]} 4. Nxd4 {[%emt 0:00:00]} Nf6 {[%emt 0:00:06]} 5. Nc3 {[%emt 0:00:00]} a6 {[%emt 0:00:06]} 6. Be2 {[%emt 0:00:01]} Nbd7 {[%emt 0:00:39]} 7. Be3 {[%emt 0:01:38]} g6 {[%emt 0:10:55]} 8. a4 {[%emt 0:01:16]} Bg7 {[%emt 0:00:17]} 9. a5 {[%emt 0:07:31]} O-O {[%emt 0:16:10]} 10. O-O {[%emt 0:03:29]} Ne5 {[%emt 0:04:22]} 11. h3 {[%emt 0:04:41]} Bd7 {[%emt 0:01:52]} 12. f4 {[%emt 0:14:55]} Nc6 {[%emt 0:00:06]} 13. Nxc6 {[%emt 0:02:33]} Bxc6 {[%emt 0:00:26]} 14. Bf3 {[%emt 0:02:34]} e5 {[%emt 0:13:56]} 15. fxe5 {[%emt 0:09:49]} dxe5 {[%emt 0:00:07]} 16. Qxd8 {[%emt 0:08:32]} Rfxd8 {[%emt 0:03:18]} 17. Rfd1 {[%emt 0:00:33]} Bf8 {[%emt 0:03:13]} 18. Bb6 {[%emt 0:06:31]} Rxd1+ {[%emt 0:00:49]} 19. Rxd1 {[%emt 0:00:09]} Nd7 {[%emt 0:00:12]} 20. Be3 {[%emt 0:01:31]} Bb4 {[%emt 0:26:08]} 21. Nd5 {[%emt 0:09:55]} Bxd5 {[%emt 0:00:05]} 22. Rxd5 {[%emt 0:12:47]} Nf6 {[%emt 0:00:29]} 23. Rxe5 {[%emt 0:00:50]} Bd6 {[%emt 0:05:20]} 24. Rg5 {[%emt 0:00:29]} Re8 {[%emt 0:07:49]} 25. Bd4 {[%emt 0:08:45]} h6 {[%emt 0:00:05]} 26. e5 {[%emt 0:01:40]} hxg5 {[%emt 0:01:48]} 27. exd6 {[%emt 0:00:18]} Re6 {[%emt 0:00:05]} 28. Bxb7 {[%emt 0:02:00]} Nd7 {[%emt 0:00:14]} 29. b4 {[%emt 0:00:47]} Rxd6 {[%emt 0:00:05]} 30. c3 {[%emt 0:00:20]} f5 {[%emt 0:02:50]} 31. b5 {[%emt 0:00:46]} axb5 {[%emt 0:00:19]} 32. a6 {[%emt 0:00:16]} Rxd4 {[%emt 0:00:16]} 33. cxd4 {[%emt 0:00:10]} Nb6 {[%emt 0:00:03]} 34. a7 {[%emt 0:00:13]} Kf7 {[%emt 0:00:04]} 35. a8=Q {[%emt 0:00:51]} Nxa8 {[%emt 0:00:04]} 36. Bxa8 {[%emt 0:00:03]} Ke6 {[%emt 0:00:05]} 37. Bc6 {[%emt 0:01:39]} b4 {[%emt 0:00:05]} 38. Ba4 {[%emt 0:00:08]} Kd5 {[%emt 0:00:05]} 39. Be8 {[%emt 0:00:55]} Kxd4 {[%emt 0:01:53]} 40. Bxg6 {[%emt 0:00:24]} Ke5 {[%emt 0:01:53]} 41. Kf2 {[%emt 0:00:35]} b3 {[%emt 0:00:38]} 42. Bf7 {[%emt 0:00:18]} b2 {[%emt 0:00:04]} 43. Ba2 {[%emt 0:00:05]} g4 {[%emt 0:01:01]} 44. hxg4 {[%emt 0:00:20]} fxg4 {[%emt 0:00:07]} 45. Kg3 {[%emt 0:00:14]} Kf5 {[%emt 0:00:05]} 46. Kh4 {[%emt 0:00:06]} Kf4 {[%emt 0:00:04]} 47. g3+ {[%emt 0:00:03]} Kf3 {[%emt 0:00:06]} 48. Bb1 {[%emt 0:00:03]} 1-0

[Event "94th Paris-ch  2019"]
[Site "Paris"]
[Date "2019.07.13"]
[Round "8.11"]
[White "Bergez, Luc"]
[Black "Dutreuil, Raphael"]
[Result "1-0"]
[WhiteElo "2308"]
[BlackElo "2302"]
[Annotator "ChessBase"]
[PlyCount "69"]
[EventDate "2019.07.07"]
[EventType "swiss"]
[EventCountry "FRA"]
[SourceTitle "playchess.com"]
[Source "ChessBase"]
[SourceQuality "1"]
[TimeControl "5400+30"]

1. e4 {[%emt 0:35:05]} c5 {[%emt 0:00:00]} 2. Nf3 {[%emt 0:00:10]} e6 {[%emt 0:00:00]} 3. b3 {[%emt 0:00:11]} a6 {[%emt 0:01:13]} 4. Bb2 {[%emt 0:00:09]} Nc6 {[%emt 0:00:06]} 5. Bd3 {[%emt 0:01:34]} d6 {[%emt 0:01:02]} 6. O-O {[%emt 0:00:21]} e5 {[%emt 0:01:36]} 7. Nc3 {[%emt 0:07:25]} g6 {[%emt 0:02:28]} 8. Nd5 {[%emt 0:02:07]} Bg7 {[%emt 0:01:24]} 9. Ne1 {[%emt 0:02:00]} Nge7 {[%emt 0:14:55]} 10. f4 {[%emt 0:02:07]} O-O {[%emt 0:08:03]} 11. c4 {[%emt 0:04:29]} Nd4 {[%emt 0:09:43]} 12. Nxe7+ {[%emt 0:03:45]} Qxe7 {[%emt 0:00:06]} 13. Nc2 {[%emt 0:00:42]} exf4 {[%emt 0:06:47]} 14. Nxd4 {[%emt 0:05:03]} cxd4 {[%emt 0:00:20]} 15. Rxf4 {[%emt 0:05:04]} Be5 {[%emt 0:00:42]} 16. Qf1 {[%emt 0:00:38]} Bxf4 {[%emt 0:04:38]} 17. Qxf4 {[%emt 0:00:07]} Qe5 {[%emt 0:00:10]} 18. Qf2 {[%emt 0:00:15]} f5 {[%emt 0:05:27]} 19. Bxd4 {[%emt 0:02:18]} Qe7 {[%emt 0:06:38]} 20. Re1 {[%emt 0:08:44]} fxe4 {[%emt 0:08:16]} 21. Qe3 {[%emt 0:00:15]} Bf5 {[%emt 0:08:49]} 22. g4 {[%emt 0:00:24]} Qf7 {[%emt 0:00:11]} 23. Bc3 {[%emt 0:06:42]} Rae8 {[%emt 0:12:46]} 24. Be2 {[%emt 0:05:49]} Bd7 {[%emt 0:02:12]} 25. b4 {[%emt 0:00:41]} Qf4 {[%emt 0:02:00]} 26. Qd4 {[%emt 0:00:08]} Qe5 {[%emt 0:00:11]} 27. Qb6 {[%emt 0:00:54]} Qf4 {[%emt 0:02:37]} 28. Rf1 {[%emt 0:00:44]} Qg5 {[%emt 0:00:01]} 29. Rxf8+ {[%emt 0:00:23]} Rxf8 {[%emt 0:00:03]} 30. Qxd6 {[%emt 0:00:28]} Bxg4 {[%emt 0:00:38]} 31. Qg3 {[%emt 0:00:14]} h5 {[%emt 0:01:46]} 32. h3 {[%emt 0:00:23]} e3 {[%emt 0:00:40]} 33. dxe3 {[%emt 0:01:30]} Qf5 {[%emt 0:00:24]} 34. hxg4 {[%emt 0:00:14]} Qc2 {[%emt 0:00:15]} 35. Qe5 {[%emt 0:00:49]} 1-0

[Event "94th Paris-ch  2019"]
[Site "Paris"]
[Date "2019.07.13"]
[Round "8.12"]
[White "Le Goff, Ronan"]
[Black "Ojas Kulkarni"]
[Result "1/2-1/2"]
[WhiteElo "2281"]
[BlackElo "2251"]
[Annotator "ChessBase"]
[PlyCount "64"]
[EventDate "2019.07.07"]
[EventType "swiss"]
[EventCountry "FRA"]
[SourceTitle "playchess.com"]
[Source "ChessBase"]
[SourceQuality "1"]
[TimeControl "5400+30"]

1. d4 {[%emt 0:09:55]} Nf6 {[%emt 0:00:00]} 2. Nf3 {[%emt 0:01:35]} g6 {[%emt 0:00:00]} 3. c4 {[%emt 0:00:14]} Bg7 {[%emt 0:00:00]} 4. g3 {[%emt 0:00:11]} b6 {[%emt 0:02:46]} 5. Bg2 {[%emt 0:00:48]} Bb7 {[%emt 0:00:06]} 6. O-O {[%emt 0:01:04]} O-O {[%emt 0:00:05]} 7. b3 {[%emt 0:03:34]} c5 {[%emt 0:01:20]} 8. Bb2 {[%emt 0:01:03]} cxd4 {[%emt 0:00:09]} 9. Qxd4 {[%emt 0:02:36]} d6 {[%emt 0:03:32]} 10. Ne1 {[%emt 0:12:37]} Bxg2 {[%emt 0:01:08]} 11. Nxg2 {[%emt 0:02:21]} Nc6 {[%emt 0:14:44]} 12. Qh4 {[%emt 0:07:51]} Qc8 {[%emt 0:06:06]} 13. Nd2 {[%emt 0:21:30]} h6 {[%emt 0:03:04]} 14. f4 {[%emt 0:04:19]} Qf5 {[%emt 0:03:10]} 15. Rad1 {[%emt 0:07:36]} Ne4 {[%emt 0:04:20]} 16. Nxe4 {[%emt 0:01:51]} Qxe4 {[%emt 0:01:03]} 17. Bxg7 {[%emt 0:00:21]} Kxg7 {[%emt 0:00:02]} 18. e3 {[%emt 0:02:24]} Rad8 {[%emt 0:00:53]} 19. Qg4 {[%emt 0:03:08]} d5 {[%emt 0:32:08]} 20. cxd5 {[%emt 0:01:12]} f5 {[%emt 0:00:28]} 21. Qf3 {[%emt 0:04:25]} Qxf3 {[%emt 0:00:13]} 22. Rxf3 {[%emt 0:00:08]} Nb4 {[%emt 0:00:05]} 23. Rd4 {[%emt 0:03:22]} Nxd5 {[%emt 0:02:14]} 24. e4 {[%emt 0:00:49]} Nf6 {[%emt 0:02:45]} 25. Rxd8 {[%emt 0:00:18]} Rxd8 {[%emt 0:00:02]} 26. exf5 {[%emt 0:00:13]} gxf5 {[%emt 0:00:15]} 27. Ne3 {[%emt 0:01:14]} e6 {[%emt 0:00:05]} 28. Rf2 {[%emt 0:02:59]} Rd3 {[%emt 0:03:03]} 29. Nc4 {[%emt 0:00:39]} b5 {[%emt 0:04:44]} 30. Ne5 {[%emt 0:00:30]} Rd1+ {[%emt 0:00:05]} 31. Rf1 {[%emt 0:01:38]} Rd2 {[%emt 0:00:07]} 32. Rf2 {[%emt 0:00:05]} Rd1+ {[%emt 0:00:04]} 1/2-1/2

[Event "94th Paris-ch  2019"]
[Site "Paris"]
[Date "2019.07.13"]
[Round "8.13"]
[White "Lux, Hugo de Melo"]
[Black "Sanchez, Louis"]
[Result "1-0"]
[WhiteElo "2231"]
[BlackElo "2316"]
[Annotator "ChessBase"]
[PlyCount "79"]
[EventDate "2019.07.07"]
[EventType "swiss"]
[EventCountry "FRA"]
[SourceTitle "playchess.com"]
[Source "ChessBase"]
[SourceQuality "1"]
[TimeControl "5400+30"]

1. e4 {[%emt 0:00:00]} e5 {[%emt 0:00:00]} 2. Nf3 {[%emt 0:00:36]} Nf6 {[%emt 0:00:00]} 3. Nxe5 {[%emt 0:00:06]} d6 {[%emt 0:00:09]} 4. Nf3 {[%emt 0:00:04]} Nxe4 {[%emt 0:00:09]} 5. Nc3 {[%emt 0:00:07]} Nxc3 {[%emt 0:01:19]} 6. dxc3 {[%emt 0:00:01]} Be7 {[%emt 0:00:34]} 7. Be3 {[%emt 0:00:05]} Nc6 {[%emt 0:00:33]} 8. Qd2 {[%emt 0:00:06]} Be6 {[%emt 0:01:08]} 9. O-O-O {[%emt 0:00:20]} Qd7 {[%emt 0:00:23]} 10. Kb1 {[%emt 0:00:25]} h6 {[%emt 0:01:40]} 11. Nd4 {[%emt 0:01:12]} Nxd4 {[%emt 0:01:50]} 12. Bxd4 {[%emt 0:01:23]} O-O {[%emt 0:06:15]} 13. Be2 {[%emt 0:15:31]} Rfe8 {[%emt 0:07:57]} 14. Rhg1 {[%emt 0:20:26]} Bf8 {[%emt 0:04:04]} 15. Bf3 {[%emt 0:03:50]} Bg4 {[%emt 0:17:45]} 16. Qf4 {[%emt 0:03:37]} Bxf3 {[%emt 0:03:11]} 17. Qxf3 {[%emt 0:01:34]} Qb5 {[%emt 0:03:21]} 18. g4 {[%emt 0:08:18]} Re6 {[%emt 0:04:22]} 19. h4 {[%emt 0:13:04]} Qc6 {[%emt 0:06:26]} 20. Qg3 {[%emt 0:01:49]} Rae8 {[%emt 0:01:49]} 21. h5 {[%emt 0:09:27]} Be7 {[%emt 0:09:06]} 22. f4 {[%emt 0:02:35]} Bf6 {[%emt 0:00:38]} 23. Bxf6 {[%emt 0:00:43]} gxf6 {[%emt 0:02:59]} 24. g5 {[%emt 0:01:07]} Re3 {[%emt 0:02:03]} 25. Qh4 {[%emt 0:02:13]} fxg5 {[%emt 0:14:23]} 26. fxg5 {[%emt 0:00:01]} d5 {[%emt 0:00:17]} 27. gxh6+ {[%emt 0:03:08]} Kh7 {[%emt 0:02:01]} 28. Rg7+ {[%emt 0:05:15]} Kh8 {[%emt 0:00:09]} 29. Qd4 {[%emt 0:00:05]} R8e5 {[%emt 0:04:34]} 30. Rxf7 {[%emt 0:02:08]} Qxh6 {[%emt 0:01:34]} 31. Rxc7 {[%emt 0:01:39]} Qxh5 {[%emt 0:00:49]} 32. a3 {[%emt 0:01:54]} R3e4 {[%emt 0:02:31]} 33. Qg1 {[%emt 0:00:59]} Rg4 {[%emt 0:00:48]} 34. Qxa7 {[%emt 0:01:11]} Rg8 {[%emt 0:00:50]} 35. Rc1 {[%emt 0:00:40]} Qh6 {[%emt 0:01:16]} 36. Qd4 {[%emt 0:00:49]} Rgg5 {[%emt 0:00:29]} 37. Re1 {[%emt 0:00:29]} Qf6 {[%emt 0:00:18]} 38. Qh4+ {[%emt 0:00:44]} Kg8 {[%emt 0:00:34]} 39. Qh7+ {[%emt 0:00:01]} Kf8 {[%emt 0:00:11]} 40. Rc8+ {[%emt 0:00:04]} 1-0

[Event "94th Paris-ch  2019"]
[Site "Paris"]
[Date "2019.07.13"]
[Round "8.14"]
[White "Vardaan Nagpal"]
[Black "Philippe, Guillaume"]
[Result "0-1"]
[WhiteElo "2355"]
[BlackElo "2344"]
[Annotator "NA"]
[PlyCount "178"]
[EventDate "2019.07.07"]
[EventType "swiss"]
[EventCountry "FRA"]
[SourceTitle "playchess.com"]
[Source "ChessBase"]
[SourceQuality "1"]
[TimeControl "5400+30"]

1. e4 {[%emt 12:13:18]} c5 {[%emt 0:00:30]} 2. Nf3 {[%emt 0:00:06]} e6 {[%emt 0:00:18]} 3. d4 {[%emt 0:00:12]} cxd4 {[%emt 0:00:05]} 4. Nxd4 {[%emt 0:00:02]} a6 {[%emt 0:00:10]} 5. c4 {[%emt 0:00:09]} Nf6 {[%emt 0:01:14]} 6. Nc3 {[%emt 0:00:03]} Qc7 {[%emt 0:00:14]} 7. a3 {[%emt 0:00:08]} b6 {[%emt 0:00:51]} 8. Be3 {[%emt 0:00:10]} Bb7 {[%emt 0:00:09]} 9. f3 {[%emt 0:00:05]} d6 {[%emt 0:00:55]} 10. Qd2 {[%emt 0:01:14]} Nbd7 {[%emt 0:00:17]} 11. Be2 {[%emt 0:00:10]} Be7 {[%emt 0:00:19]} 12. O-O {[%emt 0:00:08]} O-O {[%emt 0:00:05]} 13. Rfd1 {[%emt 0:00:36]} Rac8 {[%emt 0:00:58]} 14. Rac1 {[%emt 0:00:29]} Qb8 {[%emt 0:00:18]} 15. Bf1 {[%emt 0:01:41]} Rfe8 {[%emt 0:03:30]} 16. b4 {[%emt 0:01:25]} Bd8 {[%emt 0:05:20]} 17. Qf2 {[%emt 0:12:53]} Bc7 {[%emt 0:05:24]} 18. g3 {[%emt 0:00:18]} Ne5 {[%emt 0:10:10] A31: Symmetrical English: 2 Nf3 Nf6 3 d4} 19. Be2 {[%emt 0:03:51]} Bd8 $146 {[%emt 0:16:23]} ({Predecessor:} 19... Qa8 20. g4 d5 21. exd5 exd5 22. g5 Nfd7 23. cxd5 b5 24. Nb3 Nc4 25. Bxc4 bxc4 26. Nc5 {0-1 (37) Garrido Olivares,R (2112)-Reig Munoz,J (2078) Valencia 2004}) 20. Na4 {[%emt 0:02:46]} Ba8 {[%emt 0:00:12]} 21. Nb3 {[%emt 0:10:23]} Nxc4 {[%emt 0:06:48]} 22. Bxc4 {[%emt 0:20:18]} b5 {[%emt 0:00:10]} 23. Nb2 {[%emt 0:00:04]} bxc4 {[%emt 0:00:39]} 24. Nxc4 {[%emt 0:00:02]} d5 {[%emt 0:02:47]} 25. Ba7 {[%emt 0:00:15]} Qc7 {[%emt 0:12:26]} 26. Nd6 {[%emt 0:14:11]} Qxd6 {[%emt 0:00:16]} 27. Rxc8 {[%emt 0:00:03]} Bb7 {[%emt 0:00:12]} 28. Rcc1 {[%emt 0:00:09]} e5 {[%emt 0:01:05]} 29. Nc5 {[%emt 0:00:51]} Ba8 {[%emt 0:01:09]} 30. exd5 {[%emt 0:00:53]} Nxd5 {[%emt 0:00:06]} 31. Ne4 {[%emt 0:00:19]} Qe6 {[%emt 0:00:06]} 32. Bc5 {[%emt 0:07:20]} f5 {[%emt 0:00:39]} 33. Nc3 {[%emt 0:01:27]} Bg5 {[%emt 0:04:24]} 34. Nxd5 {[%emt 0:00:59]} Bxd5 {[%emt 0:00:06]} 35. Rc3 {[%emt 0:04:03]} f4 {[%emt 0:00:44]} 36. Rcd3 {[%emt 0:02:12]} Bb3 $18 {[%emt 0:04:08]} 37. Rd6 {[%emt 0:00:41]} Qc4 {[%emt 0:00:36]} 38. Re1 {[%emt 0:01:15]} h6 {[%emt 0:01:44]} 39. Qe2 {[%emt 0:05:58]} Qf7 {[%emt 0:01:25]} 40. Qe4 {[%emt 0:00:57]} fxg3 {[%emt 0:00:54]} 41. hxg3 {[%emt 0:00:02]} Bf6 {[%emt 0:00:13]} 42. Kg2 {[%emt 0:00:56]} Bc4 {[%emt 0:03:05]} 43. Red1 {[%emt 0:00:39]} Be6 {[%emt 0:01:07]} 44. Rxa6 {[%emt 0:01:29]} Bc8 {[%emt 0:03:08]} 45. Ra8 {[%emt 0:01:55]} Qa2+ {[%emt 0:02:31]} 46. Kg1 {[%emt 0:00:11]} Kh8 {[%emt 0:00:54]} 47. Qc6 {[%emt 0:00:52]} Qg8 {[%emt 0:00:06]} 48. Qd5 {[%emt 0:02:17]} Be6 {[%emt 0:01:24]} 49. Rxe8 {[%emt 0:00:03]} Qxe8 {[%emt 0:00:07]} 50. Qe4 {[%emt 0:00:52]} Qa4 {[%emt 0:00:14]} 51. Qd3 {[%emt 0:02:41]} Bc4 {[%emt 0:02:56]} 52. Qd7 {[%emt 0:00:13]} Qxa3 {[%emt 0:00:26]} 53. Qc8+ {[%emt 0:00:23]} Bg8 {[%emt 0:00:43]} 54. Qf5 {[%emt 0:00:27]} Qb3 {[%emt 0:00:20]} 55. Qd3 {[%emt 0:00:34]} Qa4 {[%emt 0:00:18]} 56. Re1 {[%emt 0:00:29]} Bh7 {[%emt 0:00:25]} 57. Qe2 {[%emt 0:00:33]} Qb3 {[%emt 0:00:20]} 58. Kh2 {[%emt 0:00:48]} Bd3 {[%emt 0:00:23]} 59. Qf2 {[%emt 0:00:11]} Bg6 {[%emt 0:01:43]} 60. Re3 {[%emt 0:00:27]} Qb1 {[%emt 0:01:01]} 61. Qe1 {[%emt 0:00:21]} Qf5 {[%emt 0:00:26]} 62. Kg2 {[%emt 0:00:41]} Be8 {[%emt 0:00:34]} 63. Qe2 {[%emt 0:01:20]} Bd7 {[%emt 0:00:20]} 64. Kg1 {[%emt 0:00:36]} Qh3 {[%emt 0:00:31]} 65. Qh2 {[%emt 0:00:28]} Qf5 {[%emt 0:00:20]} 66. Qa2 {[%emt 0:01:59]} Bc6 {[%emt 0:00:54]} 67. Qe2 {[%emt 0:00:33]} Qh3 {[%emt 0:00:30]} 68. Qg2 {[%emt 0:00:05]} Qf5 {[%emt 0:00:06]} 69. Qf1 {[%emt 0:00:49]} Bg5 {[%emt 0:00:43]} 70. Rc3 {[%emt 0:00:20]} Qg6 {[%emt 0:01:19]} 71. Kf2 {[%emt 0:00:44]} Qf5 {[%emt 0:06:31]} 72. Kg1 {[%emt 0:02:11]} Qg6 {[%emt 0:00:56]} 73. Kh2 {[%emt 0:00:12]} Bd2 {[%emt 0:00:39]} 74. Rd3 {[%emt 0:00:37]} Bg5 {[%emt 0:00:29]} 75. Ra3 {[%emt 0:00:45]} Bf6 {[%emt 0:00:44]} 76. Qe2 {[%emt 0:00:38]} Qh5+ {[%emt 0:00:45]} 77. Kg1 {[%emt 0:00:17]} e4 {[%emt 0:00:41]} 78. Qa6 {[%emt 0:01:02]} Qd5 {[%emt 0:00:47]} 79. Qc8+ {[%emt 0:00:33]} Kh7 {[%emt 0:00:04]} 80. Qh3 {[%emt 0:00:29]} exf3 {[%emt 0:00:09]} 81. Qf1 {[%emt 0:00:17]} Qe5 {[%emt 0:00:47]} 82. Qf2 {[%emt 0:00:29]} h5 {[%emt 0:00:32]} 83. Ra6 {[%emt 0:00:21]} Be4 {[%emt 0:00:32]} 84. Be3 {[%emt 0:00:42]} Qf5 {[%emt 0:00:48]} 85. Ra5 {[%emt 0:00:18]} Qg4 {[%emt 0:00:20]} 86. Qh2 {[%emt 0:00:54]} Bg6 {[%emt 0:00:32]} 87. Kf2 {[%emt 0:00:30]} h4 {[%emt 0:02:01]} 88. Ra2 {[%emt 0:00:34]} Bh5 {[%emt 0:00:24]} 89. b5 {[%emt 0:00:21]} hxg3+ {[%emt 0:00:33]} 0-1

[Event "94th Paris-ch  2019"]
[Site "Paris"]
[Date "2019.07.13"]
[Round "8.15"]
[White "Jeet, Jain"]
[Black "O'Sullivan, Thomas"]
[Result "0-1"]
[WhiteElo "2258"]
[BlackElo "2291"]
[Annotator "ChessBase"]
[PlyCount "94"]
[EventDate "2019.07.07"]
[EventType "swiss"]
[EventCountry "FRA"]
[SourceTitle "playchess.com"]
[Source "ChessBase"]
[SourceQuality "1"]
[TimeControl "5400+30"]

1. e4 {[%emt 0:00:00]} c5 {[%emt 0:14:47]} 2. Nf3 {[%emt 0:00:00]} e6 {[%emt 0:05:02]} 3. d4 {[%emt 0:00:09]} cxd4 {[%emt 0:00:04]} 4. Nxd4 {[%emt 0:00:12]} Nc6 {[%emt 0:00:04]} 5. Nc3 {[%emt 0:00:27]} Qc7 {[%emt 0:00:03]} 6. Be3 {[%emt 0:00:37]} a6 {[%emt 0:00:04]} 7. Qd2 {[%emt 0:00:39]} Nf6 {[%emt 0:00:09]} 8. f4 {[%emt 0:00:49]} Bb4 {[%emt 0:00:19]} 9. Bd3 {[%emt 0:00:31]} Na5 {[%emt 0:00:10]} 10. a3 {[%emt 0:01:48]} Bxc3 {[%emt 0:02:12]} 11. Qxc3 {[%emt 0:01:35]} Qxc3+ {[%emt 0:00:03]} 12. bxc3 {[%emt 0:00:13]} d5 {[%emt 0:00:01]} 13. exd5 {[%emt 0:05:09]} exd5 {[%emt 0:01:18]} 14. Nb3 {[%emt 0:00:51]} Nc4 {[%emt 0:00:07]} 15. Bd4 {[%emt 0:00:13]} Ne4 {[%emt 0:02:56]} 16. O-O {[%emt 0:05:04]} O-O {[%emt 0:03:07]} 17. Nc5 {[%emt 0:02:25]} Nxc5 {[%emt 0:06:03]} 18. Bxc5 {[%emt 0:01:21]} Re8 {[%emt 0:04:13]} 19. Rfe1 {[%emt 0:07:32]} Bd7 {[%emt 0:00:44]} 20. Bxc4 {[%emt 0:06:19]} dxc4 {[%emt 0:04:44]} 21. Rxe8+ {[%emt 0:00:45]} Rxe8 {[%emt 0:00:12]} 22. Kf2 {[%emt 0:00:11]} Bf5 {[%emt 0:03:49]} 23. Rb1 {[%emt 0:02:05]} b5 {[%emt 0:06:28]} 24. Rc1 {[%emt 0:01:16]} f6 {[%emt 0:02:41]} 25. Bd4 {[%emt 0:01:03]} Kf7 {[%emt 0:00:45]} 26. Kf3 {[%emt 0:00:45]} h5 {[%emt 0:02:35]} 27. Kf2 {[%emt 0:00:14]} h4 {[%emt 0:06:22]} 28. Re1 {[%emt 0:02:10]} Rxe1 29. Kxe1 {[%emt 0:00:02]} Bxc2 {[%emt 0:05:23]} 30. Bf2 {[%emt 0:00:21]} Kg6 {[%emt 0:10:07]} 31. Ke2 {[%emt 0:03:47]} Kf5 {[%emt 0:00:24]} 32. Ke3 {[%emt 0:00:29]} g5 {[%emt 0:00:47]} 33. fxg5 {[%emt 0:00:12]} fxg5 {[%emt 0:00:18]} 34. h3 {[%emt 0:01:06]} Be4 {[%emt 0:02:37]} 35. g3 {[%emt 0:00:08]} hxg3 {[%emt 0:00:10]} 36. Bxg3 {[%emt 0:00:01]} Bg2 {[%emt 0:00:15]} 37. h4 {[%emt 0:21:32]} Kg4 {[%emt 0:00:06]} 38. h5 {[%emt 0:00:08]} Kxh5 {[%emt 0:00:45]} 39. Kd4 {[%emt 0:00:24]} Kg4 {[%emt 0:00:34]} 40. Bd6 {[%emt 0:00:05]} Bf1 {[%emt 0:04:10]} 41. Kc5 {[%emt 0:01:37]} Be2 {[%emt 0:00:29]} 42. Kd4 {[%emt 0:09:03]} Kf3 {[%emt 0:00:16]} 43. Kc5 {[%emt 0:02:26]} Bd1 {[%emt 0:01:48]} 44. Kb6 {[%emt 0:01:43]} Ba4 {[%emt 0:00:35]} 45. Kxa6 {[%emt 0:00:18]} g4 {[%emt 0:00:12]} 46. Kb6 {[%emt 0:00:56]} g3 {[%emt 0:00:25]} 47. Bc5 {[%emt 0:02:03]} g2 {[%emt 0:00:16]} 0-1

[Event "94th Paris-ch  2019"]
[Site "Paris"]
[Date "2019.07.13"]
[Round "8.17"]
[White "Eden, James"]
[Black "Manoeuvre, Antoine"]
[Result "1/2-1/2"]
[WhiteElo "2343"]
[BlackElo "2325"]
[Annotator "ChessBase"]
[PlyCount "78"]
[EventDate "2019.07.07"]
[EventType "swiss"]
[EventCountry "FRA"]
[SourceTitle "playchess.com"]
[Source "ChessBase"]
[SourceQuality "1"]
[TimeControl "5400+30"]

1. e4 {[%emt 0:00:00]} e6 {[%emt 0:01:13]} 2. d4 {[%emt 0:00:04]} d5 {[%emt 0:00:05]} 3. Nc3 {[%emt 0:00:41]} Bb4 {[%emt 0:01:31]} 4. e5 {[%emt 0:00:39]} c5 {[%emt 0:01:59]} 5. Bd2 {[%emt 0:00:38]} Ne7 {[%emt 0:06:31]} 6. Nb5 {[%emt 0:00:26]} Bxd2+ {[%emt 0:01:35]} 7. Qxd2 {[%emt 0:02:16]} O-O {[%emt 0:00:52]} 8. f4 {[%emt 0:00:28]} a6 {[%emt 0:09:35]} 9. Nc3 {[%emt 0:01:42]} cxd4 {[%emt 0:01:54]} 10. Nce2 {[%emt 0:00:18]} Nbc6 {[%emt 0:02:02]} 11. Nf3 {[%emt 0:00:47]} Nf5 {[%emt 0:11:09]} 12. Nexd4 {[%emt 0:02:40]} Ncxd4 {[%emt 0:03:21]} 13. Nxd4 {[%emt 0:00:10]} Qh4+ {[%emt 0:01:16]} 14. g3 {[%emt 0:00:50]} Nxd4 {[%emt 0:03:34]} 15. Qxd4 {[%emt 0:01:05]} Qe7 {[%emt 0:00:01]} 16. O-O-O {[%emt 0:03:33]} Bd7 {[%emt 0:01:36]} 17. Kb1 {[%emt 0:04:51]} Bb5 {[%emt 0:03:20]} 18. g4 {[%emt 0:17:08]} Bxf1 {[%emt 0:03:00]} 19. Rhxf1 {[%emt 0:10:06]} Rfc8 {[%emt 0:00:06]} 20. f5 {[%emt 0:16:33]} Rc4 {[%emt 0:03:33]} 21. Qf2 {[%emt 0:05:33]} Rac8 {[%emt 0:01:56]} 22. c3 {[%emt 0:05:33]} Rxg4 {[%emt 0:04:33]} 23. f6 {[%emt 0:01:26]} Qc5 {[%emt 0:02:39]} 24. Rd4 {[%emt 0:01:33]} Rxd4 {[%emt 0:02:18]} 25. cxd4 {[%emt 0:00:21]} Qc4 {[%emt 0:00:42]} 26. Rg1 {[%emt 0:04:39]} Qd3+ {[%emt 0:02:11]} 27. Ka1 {[%emt 0:00:10]} g6 {[%emt 0:01:06]} 28. Qf4 {[%emt 0:00:39]} Qh3 {[%emt 0:00:46]} 29. Rc1 {[%emt 0:01:43]} Rxc1+ {[%emt 0:10:17]} 30. Qxc1 {[%emt 0:00:14]} h5 {[%emt 0:00:36]} 31. b3 {[%emt 0:07:02]} Qd3 {[%emt 0:01:51]} 32. Qc8+ {[%emt 0:03:15]} Kh7 {[%emt 0:00:16]} 33. Qf8 {[%emt 0:00:44]} Qxd4+ {[%emt 0:01:29]} 34. Kb1 {[%emt 0:00:17]} Qd1+ {[%emt 0:02:49]} 35. Kb2 {[%emt 0:00:02]} Qd2+ {[%emt 0:00:10]} 36. Ka3 {[%emt 0:01:52]} Qa5+ {[%emt 0:00:06]} 37. Kb2 {[%emt 0:00:05]} Qd2+ {[%emt 0:00:04]} 38. Ka3 {[%emt 0:00:06]} Qa5+ {[%emt 0:00:03]} 39. Kb2 {[%emt 0:00:05]} Qd2+ {[%emt 0:00:04]} 1/2-1/2